000
00253nam a2200097Ia 4500
008
240331s9999 xx 000 0 und d
082
_b
HEM
100
_a
Hemantha Kumara,N.V.G.A.
245
0
_a
Stree purusha samajabhawaya ha kantha ayithiwasikam
942
_c
L
999
_c
3538
_d
3538